Banking Sector in the Process of European Integration: How did EU Accession and Euro Adoption Affect Cost Efficiency of Slovak Banking Sector?

Analýza vplyvu vstupu SR do Európskej únie a eurozóny na efektívnosť slovenských bánk. Pri výpočte efektívnosti bánk bola využitá analýza DEA a následne odhad vplyvu determinantov efektívnosti, pomocou regresných modelov OLS a tobit. Po vstupe Slovenskej republiky do Európskej únie, aj do eurozóny d...

Descrizione completa

Salvato in:
Dettagli Bibliografici
Autore principale: Čupić, Milan
Altri autori: Širaňová, Mária
Natura: Capitolo di libro
Lingua:inglese
Soggetti:
Tags: Aggiungi Tag
Nessun Tag, puoi essere il primo ad aggiungerne!!

MARC

LEADER 00000naa a2200000 4500
001 0241108
005 20240502073925.7
041 0 |a eng 
044 |a SK 
245 1 0 |a Banking Sector in the Process of European Integration: How did EU Accession and Euro Adoption Affect Cost Efficiency of Slovak Banking Sector?  |c Milan Čupić, Mária Širaňová 
520 |a Analýza vplyvu vstupu SR do Európskej únie a eurozóny na efektívnosť slovenských bánk. Pri výpočte efektívnosti bánk bola využitá analýza DEA a následne odhad vplyvu determinantov efektívnosti, pomocou regresných modelov OLS a tobit. Po vstupe Slovenskej republiky do Európskej únie, aj do eurozóny došlo k nárastu efektivity. Samotné prijatie eura má pozitívny vplyv na efektívnosť bánk v dlhodobom horizonte, avšak z krátkodobého horizontu môže dôjsť k negatívnemu poklesu. 
610 2 0 |a banky 
610 2 0 |a efektívnosť ekonomická 
610 2 0 |a Slovensko 
610 2 0 |a eurozóna 
610 2 0 |a reformy menové 
610 2 0 |a analýza obaľovania dát 
100 1 |a Čupić, Milan 
700 1 |a Širaňová, Mária